01011nam a22001577a 4500008004100000020001500041050001400056100002500070245005800095250001200153260004400165300002600209500002000235505057500255650002300830120725t xxu||||| |||| 00| 0 eng d a0321434455 aQA76.B743 aBrookshear, Glenn J. aComputer science: an overview. /cGlenn J. Broohshear a9th ed. aBoston:bPearson Addison Wesley,c2007. a615 p.:bill.;c24cm. aIncludes index. aContents: Introduction -- Data storage -- Data manipulation -- Operating systems -- Networking and the internet -- Algorithms -- Programming languages -- Software engineering -- Data abstractions -- Database systems -- Artificial intelligence -- Theory of computation -- Appendix A: ASCII -- Appendix B: Circuits to manipulate two's complement representations -- Appendix C: A Simple machine language -- Appendix D: High-level language program examples -- Appendix E: The Equivalence of iterative and recursive structures -- Appendix F: Answers to questions & exercises. aComputer science.